Statistics for Eddie Murphy Filmography

Click here to take the quiz!

General Stats

  • This quiz has been taken 359 times
    (34 since last reset)
  • The average score is 25 of 80

Answer Stats

TypeYearName% Correct
Film2021Coming 2 America
88%
Film1988Coming to America
88%
Film1996The Nutty Professor
88%
Film1984Beverly Hills Cop
85%
TV Film2013Beverly Hills Cop
85%
Film2007Norbit
85%
Film2001Shrek
85%
Film2004Shrek 2
85%
Film2007Shrek the Third
85%
Film1987Beverly Hills Cop II
81%
Film1994Beverly Hills Cop III
81%
Film2010Shrek Forever After
81%
TV Show1980-1984, 2019Saturday Night Live
69%
Film198248 Hrs.
62%
Film2000Nutty Professor II: The Klumps
62%
Film1983Trading Places
58%
Film2003Daddy Day Care
54%
Film2006Dreamgirls
54%
Film1990Another 48 Hrs.
46%
Film2008Meet Dave
42%
Film2023You People
42%
Film1992Boomerang
38%
Film1999Bowfinger
38%
Film1998Dr. Doolittle
38%
Film1987Eddie Murphy Raw
38%
Film1989Harlem Nights
38%
Film1999Life
38%
Film2002The Adventures of Pluto Nash
38%
Film2003The Haunted Mansion
38%
Film2012A Thousand Words
35%
Film2019Dolemite Is My Name
35%
Film2001Dr. Doolittle 2
35%
TV Special1983Eddie Murphy Delirious
35%
Film1998Mulan
35%
TV Short2007Shrek the Halls
35%
Film1986The Golden Child
35%
Film1995Vampire in Brooklyn
35%
FilmTBACandy Cane Lane
27%
Film2009Imagine That
27%
Award Show1983The 35th Annual Primetime Emmy Awards
27%
Film2011Tower Heist
27%
Film1997Metro
23%
Film2016Mr. Church
23%
Film2002I Spy
19%
FilmTBABeverly Hills Cop: Axel Foley
15%
Web Series2019Comedians in Cars Getting Coffee
15%
Music Video1992Remember the Time
15%
Theme Park Attraction2003Shrek 4-D
15%
TV Short2010Donkey's Caroling Christmas-tacular
12%
Film1998Holy Man
12%
TV Show1999-2001The PJs
12%
Film1984Best Defense
8%
TV Special2012Eddie Murphy: One Night Only
8%
TV Show2004Father of the Pride
8%
Film2002Showtime
8%
Award Show1983The 14th Annual NAACP Image Awards
8%
Film1992The Distinguished Gentleman
8%
Award Show19851985 MTV Video Music Awards
4%
Award Show19931993 MTV Movie Awards
4%
TV Show2009America's Next Top Model
4%
TV Special1991A Party for Richard Pryor
4%
TV Show2023Claim to Fame
4%
TV Show2002Comedy Central Canned Ham
4%
TV Show2010DreamWorks Shrek's Swamp Stories
4%
Documentary2020Eddie Murphy: Laugh 'Til It Hurts
4%
Short Film2004Far Far Away Idol
4%
TV Special2020Feeding America Comedy Festival
4%
TV Show2005Laugh Factory
4%
TV Show1989Lou Rawls Parade of Stars
4%
TV Special1989Sammy Davis, Jr. 60th Anniversary Celebration
4%
TV Special2015Saturday Night Live 40th Anniversary Special
4%
Short Film2001Shrek in the Swamp Karaoke Dance Party
4%
TV Short2012Shrek's Thrilling Tales
4%
Short Film2010Shrek's Yule Log
4%
TV Special2015The 18th Annual Mark Twain Prize for American Humor: Celebrating Eddie Murphy
4%
TV Show1981The Big Laff Off
4%
FilmTBAThe Pink Panther
4%
TV Special1988Totally Minnie
4%
Music Video1992We Shall Be Free
4%
TV Pilot1989What's Alan Watching?
4%

Score Distribution

Percentile by Number Answered

Percent of People with Each Score

Your Score History

You have not taken this quiz since the last reset